[Event "16th Reykjavik op"]
[Site "Reykjavik ISL"]
[Date "1994.02.10"]
[Round "6"]
[White "Danielsen, Henrik"]
[Black "Shneider, Alexander"]
[Result "1-0"]
[WhiteElo "2480"]
[BlackElo "2570"]
[EventDate "1994.02.05"]
[PlyCount "102"]

1.d4 Nf6 2.Nf3 e6 3.c4 b6 4.g3 Ba6 5.b3 Bb4+ 6.Bd2 Be7 7.Bg2 c6 8.Bc3 d5 
9.Nbd2 Nbd7 10.O-O O-O 11.Re1 c5 12.e4 dxc4 13.Nxc4 Bb7 14.e5 Nd5 15.Bd2 
Rc8 16.a4 Ba6 17.Re4 Kh8 18.h4 cxd4 19.Nxd4 Nc5 20.Rg4 f5 21.exf6 Nxf6 22.
Nc6 Rxc6 23.Bxc6 Nxb3 24.Ra2 Nxg4 25.Qxg4 Qd4 26.Ne3 Qxg4 27.Nxg4 Nd4 28.
Be4 Nf3+ 29.Bxf3 Rxf3 30.Be3 Rf5 31.Bf4 Rd5 32.Bb8 Rd1+ 33.Kg2 Bb7+ 34.f3 
a6 35.Re2 Bd5 36.Ne3 Rd3 37.Nxd5 Rxd5 38.Rxe6 Rd7 39.Rxb6 a5 40.Rb5 Bd8 
41.Be5 Rd2+ 42.Kh3 Kg8 43.Rb7 Bf6 44.Bxf6 gxf6 45.Rb5 Rd4 46.Rxa5 Kg7 47.
g4 Kg6 48.Kg3 Rb4 49.h5+ Kh6 50.Ra6 Kg7 51.Ra7+ 1-0

[Event "16th Reykjavik op"]
[Site "Reykjavik ISL"]
[Date "1994.02.10"]
[Round "6"]
[White "Kotronias, Vassilios"]
[Black "Steingrimsson, Hedinn"]
[Result "1-0"]
[WhiteElo "2545"]
[BlackElo "2420"]
[EventDate "1994.02.05"]
[PlyCount "107"]

1.e4 e6 2.d4 d5 3.Nd2 Nf6 4.e5 Nfd7 5.c3 c5 6.Bd3 Nc6 7.Ne2 cxd4 8.cxd4 f6
9.exf6 Nxf6 10.Nf3 Bd6 11.O-O Qc7 12.g3 O-O 13.Bf4 Ne4 14.Bxe4 dxe4 15.Ng5
e5 16.dxe5 Nxe5 17.Qd5+ Kh8 18.Rac1 Qe7 19.Rfd1 Nf3+ 20.Nxf3 Bxf4 21.Nxf4 
exf3 22.Qxf3 Bf5 23.h4 Rae8 24.Rd4 Be4 25.Qh5 Qf6 26.Rcd1 Bc6 27.R4d2 Re4 
28.Qg5 Qxg5 29.hxg5 Kg8 30.Nd5 Rf3 31.Nf4 Re5 32.Rd8+ Kf7 33.g6+ hxg6 34.
Rf8+ Kxf8 35.Nxg6+ Ke8 36.Nxe5 Rf6 37.Rd2 Ke7 38.f4 Be8 39.Re2 Kd8 40.Kg2 
Ra6 41.a3 Rb6 42.Kf3 Rb3+ 43.Kg4 a5 44.Nc4 a4 45.Re3 Rxe3 46.Nxe3 Ke7 47.
Kg5 Bc6 48.Kg6 Kf8 49.Kf5 Kf7 50.g4 g6+ 51.Ke5 Ke7 52.g5 Bf3 53.f5 gxf5 
54.Nxf5+ 1-0

[Event "16th Reykjavik op"]
[Site "Reykjavik ISL"]
[Date "1994.02.10"]
[Round "6"]
[White "Ivanov, Mikhail M."]
[Black "Gislason, Gudmundur"]
[Result "0-1"]
[WhiteElo "2525"]
[BlackElo "2325"]
[EventDate "1994.02.05"]
[PlyCount "74"]

1.Nf3 Nf6 2.g3 g6 3.Bg2 Bg7 4.O-O O-O 5.d4 d5 6.Bf4 Ne4 7.Qc1 Re8 8.c4 
dxc4 9.Be5 Nf6 10.Qxc4 c6 11.Ng5 Rf8 12.Nc3 Nbd7 13.Rfd1 Qa5 14.Bf4 Nb6 
15.Qb3 Nh5 16.Bd2 Qa6 17.e3 h6 18.Nge4 Qc4 19.Nc5 e5 20.Qa3 exd4 21.b3 
dxc3 22.bxc4 Nxc4 23.Qb4 Nxd2 24.Rac1 a5 25.Qa3 Bg4 26.Re1 b5 27.h3 b4 28.
Qa4 Bf3 29.Qc2 Rfd8 30.Nb3 a4 31.Nc5 Nf6 32.Nxa4 Nfe4 33.Ra1 Ra5 34.Rec1 
Rda8 35.Nb6 b3 36.axb3 Rxa1 37.Nxa8 Nxb3 0-1

[Event "16th Reykjavik op"]
[Site "Reykjavik ISL"]
[Date "1994.02.10"]
[Round "6"]
[White "Thorhallsson, Throestur"]
[Black "Petursson, Margeir"]
[Result "0-1"]
[WhiteElo "2470"]
[BlackElo "2550"]
[EventDate "1994.02.05"]
[PlyCount "90"]

1.e4 c5 2.Nf3 Nc6 3.d4 cxd4 4.Nxd4 g6 5.Be2 Bg7 6.Nb3 Nf6 7.Nc3 O-O 8.O-O 
d6 9.Bg5 a6 10.a4 Be6 11.Kh1 Rc8 12.f4 Na5 13.Nxa5 Qxa5 14.Bd3 Bc4 15.Qf3 
Qb4 16.Rab1 b5 17.axb5 axb5 18.Bxc4 Qxc4 19.Bxf6 Bxf6 20.Nd5 Qxc2 21.e5 
dxe5 22.fxe5 Bg5 23.Qg3 Rcd8 24.Rbd1 e6 25.Qxg5 Rxd5 26.Rxd5 exd5 27.e6 
Qe4 28.exf7+ Rxf7 29.Rd1 Qf5 30.Qc1 d4 31.h3 Qd5 32.Kg1 d3 33.Qe3 Rd7 34.
Rd2 Kg7 35.Kh1 h5 36.Kh2 Qd4 37.Qe1 h4 38.Qc1 Qe3 39.Qc3+ Kh7 40.Rd1 Qf4+ 
41.Kh1 d2 42.Qc5 Rc7 43.Qxb5 Rc1 44.Qd7+ Kh6 45.Qxd2 Qxd2 0-1

[Event "16th Reykjavik op"]
[Site "Reykjavik ISL"]
[Date "1994.02.10"]
[Round "6"]
[White "Sabalovs, Aleksandrs"]
[Black "Bjarnason, Saevar"]
[Result "1-0"]
[WhiteElo "2590"]
[BlackElo "2315"]
[EventDate "1994.02.05"]
[PlyCount "93"]

1.e4 e6 2.d4 d5 3.Nc3 Bb4 4.e5 Ne7 5.a3 Bxc3+ 6.bxc3 c5 7.Qg4 Nf5 8.Bd3 h5
9.Qh3 Nc6 10.Nf3 Qc7 11.O-O cxd4 12.Bxf5 exf5 13.Qg3 Be6 14.cxd4 O-O-O 15.
h4 g6 16.Bd2 Kb8 17.Rfb1 Ka8 18.Rb5 Rb8 19.Rab1 b6 20.Qf4 a6 21.R5b2 Rhc8 
22.Ne1 Ka7 23.Nd3 a5 24.Qe3 Nd8 25.Nf4 Qc4 26.Qe1 Nc6 27.Ne2 Bd7 28.Bc3 
Qa4 29.Rb3 Ka6 30.Qd2 Qc4 31.Ng3 Na7 32.Bxa5 Nb5 33.Bb4 Qxc2 34.Qe3 Rc4 
35.R3b2 Qa4 36.Ne2 Rbc8 37.Be1 Ka7 38.Qg5 R8c7 39.Qf6 Be8 40.Qd8 Bc6 41.
Nc3 Rxc3 42.Bxc3 Rd7 43.Qf8 Qc4 44.Bd2 Qxd4 45.Rb4 Qxd2 46.Ra4+ Kb7 47.Ra8
1-0

[Event "16th Reykjavik op"]
[Site "Reykjavik ISL"]
[Date "1994.02.10"]
[Round "6"]
[White "Van Wely, Loek"]
[Black "Link, Michael"]
[Result "1/2-1/2"]
[WhiteElo "2570"]
[BlackElo "2290"]
[EventDate "1994.02.05"]
[PlyCount "48"]

1.d4 Nf6 2.c4 g6 3.Nc3 Bg7 4.e4 d6 5.Nf3 O-O 6.Be2 e5 7.Be3 Nc6 8.d5 Ne7 
9.Nd2 c5 10.g4 a6 11.Rb1 Bd7 12.b4 b6 13.f3 Ne8 14.h4 f5 15.g5 f4 16.Bf2 
h6 17.Qb3 hxg5 18.bxc5 bxc5 19.hxg5 Nc8 20.Rg1 Rf7 21.Qa3 Bf8 22.Nb3 Nc7 
23.Na5 Rh7 24.Bd1 Nb5 1/2-1/2

[Event "16th Reykjavik op"]
[Site "Reykjavik ISL"]
[Date "1994.02.10"]
[Round "6"]
[White "Barillaro, Luca"]
[Black "Gretarsson, Helgi Ass"]
[Result "0-1"]
[WhiteElo "2265"]
[BlackElo "2415"]
[EventDate "1994.02.05"]
[PlyCount "68"]

1.c4 c6 2.Nf3 d5 3.g3 Nf6 4.Bg2 dxc4 5.Qc2 b5 6.a4 Bb7 7.O-O e6 8.Rd1 Na6 
9.Na3 Nb4 10.Qb1 a6 11.Nc2 Nxc2 12.Qxc2 c5 13.d3 cxd3 14.Rxd3 Qb6 15.Ne5 
Bxg2 16.Kxg2 c4 17.Rd1 Bd6 18.Be3 Qb7+ 19.Nf3 Nd5 20.Bd4 O-O 21.Kg1 Be7 
22.b3 Rfc8 23.axb5 cxb3 24.Qxb3 Qxb5 25.Qa2 Nb4 26.Qb1 Qxe2 27.Ne1 a5 28.
Ra4 Rd8 29.Ra1 a4 30.Ra3 Nc6 31.Re3 Qg4 32.f3 Qg6 33.Qa1 Nxd4 34.Rxd4 Bc5 
0-1

[Event "16th Reykjavik op"]
[Site "Reykjavik ISL"]
[Date "1994.02.10"]
[Round "6"]
[White "Thorhallsson, Gylfi"]
[Black "Bjornsson, Bjorn"]
[Result "1-0"]
[WhiteElo "2295"]
[BlackElo "2200"]
[EventDate "1994.02.05"]
[PlyCount "149"]

1.e4 e5 2.Nc3 Bc5 3.Bc4 Nf6 4.d3 d6 5.Be3 Bb4 6.Qf3 c6 7.Bg5 Nbd7 8.Ne2 h6
9.Bd2 Nb6 10.Bb3 O-O 11.h3 d5 12.O-O-O d4 13.Nb1 Be7 14.g4 a5 15.a3 a4 16.
Ba2 Be6 17.Bxe6 fxe6 18.Qg3 Nbd7 19.h4 Qe8 20.g5 Nh5 21.Qg4 Qg6 22.Qg1 Kh7
23.Rh2 hxg5 24.hxg5 Kg8 25.Qh1 Nf4 26.Bxf4 exf4 27.Rg1 e5 28.Nd2 Kf7 29.
Nf3 Ke8 30.Nh4 Qe6 31.Nf5 Rxf5 32.exf5 Qxf5 33.Rh8+ Nf8 34.Qf3 g6 35.Kd2 
Ra5 36.c4 Kd7 37.Qg4 Qxg4 38.Rxg4 b5 39.Ng1 bxc4 40.dxc4 Ke6 41.f3 Kf5 42.
Nh3 Ne6 43.Rh7 Nxg5 44.Nxg5 Bxg5 45.Rg2 e4 46.fxe4+ Kxe4 47.Re2+ Kf3 48.
Rh1 Kg4 49.Kd3 Bf6 50.Re6 Kf5 51.Rxc6 Re5 52.c5 Re3+ 53.Kd2 f3 54.Rb6 Bg5 
55.Kd1 f2 56.Rb8 Bh4 57.Rf8+ Kg5 58.Rxh4 Kxh4 59.Rxf2 g5 60.c6 Re7 61.Rd2 
g4 62.Rxd4 Kh3 63.Rc4 Rc7 64.Ke1 g3 65.Kf1 Rf7+ 66.Kg1 Re7 67.Rc1 Rc7 68.
Kh1 Kg4 69.Kg2 Kf4 70.Rc4+ Ke5 71.Kxg3 Kd5 72.Kf3 Rxc6 73.Rxc6 Kxc6 74.Ke4
Kc5 75.Ke5 1-0

[Event "16th Reykjavik op"]
[Site "Reykjavik ISL"]
[Date "1994.02.10"]
[Round "6"]
[White "Halldorsson, Bragi"]
[Black "Olafsson, David"]
[Result "1/2-1/2"]
[WhiteElo "2225"]
[BlackElo "2270"]
[EventDate "1994.02.05"]
[PlyCount "128"]

1.d4 Nf6 2.c4 e6 3.Nc3 d5 4.Bg5 Be7 5.e3 O-O 6.Qc2 h6 7.Bh4 c5 8.dxc5 dxc4
9.Bxc4 Qa5 10.a3 Nc6 11.Ba2 Qxc5 12.b4 Qh5 13.Bg3 e5 14.b5 Na5 15.Nf3 e4 
16.Nd4 Bd7 17.Qa4 Rfc8 18.Nce2 b6 19.O-O a6 20.Nc6 Nxc6 21.bxc6 Rxc6 22.
Nf4 Qc5 23.Ng6 b5 24.Nxe7+ Qxe7 25.Qa5 Be6 26.Bxe6 Qxe6 27.a4 bxa4 28.Rxa4
Rac8 29.h3 Nd5 30.Kh2 Nc3 31.Rb4 Nd5 32.Ra4 Nb6 33.Rd4 Nc4 34.Qa4 Nb2 35.
Qa3 Nd3 36.Rb1 Qf5 37.Qe7 Nxf2 38.Rd8+ Rxd8 39.Qxd8+ Kh7 40.Qa8 Rc8 41.
Qxa6 Nxh3 42.Rf1 Qg4 43.gxh3 Rc2+ 44.Rf2 Rxf2+ 45.Bxf2 Qf3 46.Qf1 f5 47.
Qg2 Qd1 48.Bg3 g5 49.Qa2 Qd7 50.Qa5 Kg6 51.Be5 Qd1 52.Qa2 Qd7 53.Kg3 Kh5 
54.Qe2+ Kg6 55.h4 Qd5 56.h5+ Kf7 57.Qb2 Ke6 58.Bg7 f4+ 59.Kg2 fxe3 60.Qf6+
Kd7 61.Qd4 Qxd4 62.Bxd4 e2 63.Kf2 Ke6 64.Bg7 Kf5 1/2-1/2

[Event "16th Reykjavik op"]
[Site "Reykjavik ISL"]
[Date "1994.02.10"]
[Round "6"]
[White "Karason, Askell"]
[Black "Sigfusson, Sigurdur"]
[Result "0-1"]
[WhiteElo "2225"]
[BlackElo "2250"]
[EventDate "1994.02.05"]
[PlyCount "72"]

1.d4 d5 2.c4 c6 3.e3 Nf6 4.Nc3 e6 5.Nf3 Nbd7 6.Qc2 Bd6 7.g4 Nxg4 8.Rg1 Nh6
9.Rxg7 Qf6 10.Rxh7 Rxh7 11.Qxh7 Nf8 12.Qd3 Qxf3 13.e4 Qxd3 14.Bxd3 dxc4 
15.Bxc4 Ng8 16.h4 e5 17.dxe5 Bxe5 18.f4 Bf6 19.h5 Bg4 20.Be2 Bxc3+ 21.bxc3
Bxe2 22.Kxe2 Nf6 23.Kf3 Nxh5 24.Be3 Nf6 25.c4 N6d7 26.a4 c5 27.f5 Rc8 28.
Rb1 Ne5+ 29.Kf4 Nxc4 30.Rxb7 Nxe3 31.Kxe3 c4 32.Kd2 c3+ 33.Kc2 Nd7 34.Rxa7
Ne5 35.a5 Nc6 36.Rb7 Nd4+ 0-1

[Event "16th Reykjavik op"]
[Site "Reykjavik ISL"]
[Date "1994.02.10"]
[Round "6"]
[White "Einarsson, Halldor"]
[Black "Werner, Bernd-Michael"]
[Result "1-0"]
[WhiteElo "2325"]
[BlackElo "2220"]
[EventDate "1994.02.05"]
[PlyCount "80"]

1.d4 Nf6 2.c4 g6 3.Nc3 Bg7 4.e4 d6 5.Nf3 O-O 6.Be2 e5 7.Be3 Nc6 8.d5 Ne7 
9.Nd2 Ne8 10.O-O f5 11.f3 f4 12.Bf2 h5 13.c5 g5 14.Rc1 Kh8 15.cxd6 cxd6 
16.Nb5 Rg8 17.Nxa7 Bd7 18.Nc4 g4 19.fxg4 Bh6 20.gxh5 Qb8 21.Nb6 Bh3 22.Bf3
Rxa7 23.Kh1 Rxa2 24.Qb3 Ra6 25.gxh3 Nf6 26.Rg1 Bg5 27.Qb4 Qd8 28.Rc3 Kh7 
29.Ra3 Rxa3 30.bxa3 Rg7 31.Nc4 Nc8 32.h4 Bh6 33.Rxg7+ Bxg7 34.Qxb7 Kh8 35.
Qf7 Ne7 36.Bb6 Qd7 37.Kg2 Nxe4 38.Bxe4 Qg4+ 39.Kh1 Qxh4 40.Nxd6 1-0

[Event "16th Reykjavik op"]
[Site "Reykjavik ISL"]
[Date "1994.02.10"]
[Round "6"]
[White "Happel, Hendrik"]
[Black "Ulfarsson, Magnus"]
[Result "1/2-1/2"]
[WhiteElo "2270"]
[BlackElo "2250"]
[EventDate "1994.02.05"]
[PlyCount "76"]

1.d4 Nf6 2.c4 e6 3.Nc3 Bb4 4.Bg5 c5 5.d5 d6 6.f3 Bxc3+ 7.bxc3 e5 8.e4 Nbd7
9.Bd3 h6 10.Be3 Nh5 11.Ne2 g5 12.g3 Nf8 13.Qd2 Ng6 14.O-O-O Bd7 15.Qb2 Qa5
16.Kd2 Rb8 17.a4 Qd8 18.Ra1 Qf6 19.Rhf1 O-O 20.Rf2 Nhf4 21.Rff1 Nxe2 22.
Bxe2 Qe7 23.Bd3 f5 24.exf5 Bxf5 25.Be4 Bxe4 26.fxe4 Qd7 27.Kd3 Rxf1 28.
Rxf1 Qxa4 29.Ra1 Qd7 30.Rxa7 Qf7 31.Qe2 Rf8 32.Kd2 Qc7 33.Kd3 Qb6 34.Ra2 
Qb1+ 35.Qc2 Qf1+ 36.Qe2 Qb1+ 37.Qc2 Qf1+ 38.Qe2 1/2-1/2

[Event "16th Reykjavik op"]
[Site "Reykjavik ISL"]
[Date "1994.02.10"]
[Round "6"]
[White "Thorsson, Olafur"]
[Black "Van Parreren, Hanneke"]
[Result "0-1"]
[WhiteElo "2180"]
[BlackElo "2195"]
[EventDate "1994.02.05"]
[PlyCount "44"]

1.d4 f5 2.Nc3 Nf6 3.Bg5 e6 4.e4 fxe4 5.Nxe4 Be7 6.Bxf6 Bxf6 7.Qh5+ g6 8.
Qh6 Nc6 9.c3 Qe7 10.Nf3 Bg7 11.Qd2 b6 12.Bb5 Bb7 13.O-O O-O 14.Rfe1 Qf7 
15.d5 exd5 16.Nfg5 Bh6 17.Re3 Qf5 18.Rh3 Bxg5 19.Nxg5 Ne5 20.Nxh7 Qxh3 21.
Nxf8 Rxf8 22.f4 Qh6 0-1

[Event "16th Reykjavik op"]
[Site "Reykjavik ISL"]
[Date "1994.02.11"]
[Round "7"]
[White "Hjartarson, Johann"]
[Black "Stefansson, Hannes Hlifar"]
[Result "1/2-1/2"]
[WhiteElo "2595"]
[BlackElo "2525"]
[EventDate "1994.02.05"]
[PlyCount "36"]

1.d4 Nf6 2.c4 e6 3.Nc3 Bb4 4.Bg5 h6 5.Bh4 c5 6.d5 d6 7.e3 Qe7 8.Qc2 Nbd7 
9.dxe6 Qxe6 10.O-O-O Bxc3 11.Qxc3 O-O 12.Ne2 b5 13.Nf4 Qe8 14.Bxf6 Nxf6 
15.cxb5 a6 16.b6 Rb8 17.Rg1 Rxb6 18.g4 Qe5 1/2-1/2

[Event "16th Reykjavik op"]
[Site "Reykjavik ISL"]
[Date "1994.02.11"]
[Round "7"]
[White "Kengis, Edvins"]
[Black "Garcia, Gildardo"]
[Result "1/2-1/2"]
[WhiteElo "2565"]
[BlackElo "2520"]
[EventDate "1994.02.05"]
[PlyCount "86"]

1.Nf3 Nf6 2.g3 d5 3.Bg2 e6 4.d4 Be7 5.c4 O-O 6.O-O Nbd7 7.Qc2 c6 8.Bf4 b5 
9.cxb5 cxb5 10.Qc6 Qb6 11.Qxa8 Ba6 12.Qxf8+ Bxf8 13.Rc1 b4 14.e3 h6 15.
Nbd2 Ne8 16.h4 f6 17.e4 dxe4 18.Nxe4 Bb7 19.Ned2 Bd5 20.Rc8 Nd6 21.Bxd6 
Qxd6 22.Rc2 g5 23.hxg5 hxg5 24.Re1 Be7 25.Nc4 Qb8 26.Nfd2 Bxg2 27.Kxg2 
Qb7+ 28.Kg1 Kf7 29.Ne3 Nb6 30.Ndc4 Nd5 31.Na5 Qb5 32.Nc6 b3 33.axb3 Qxb3 
34.Nxd5 Qxc2 35.Ndxe7 Qd2 36.Ra1 Qxb2 37.Rxa7 Qb1+ 38.Kh2 Qh7+ 39.Kg1 Qb1+
40.Kg2 Qe4+ 41.Kf1 Qb1+ 42.Ke2 Qc2+ 43.Ke3 Qc3+ 1/2-1/2

[Event "16th Reykjavik op"]
[Site "Reykjavik ISL"]
[Date "1994.02.11"]
[Round "7"]
[White "Budnikov, Andrei"]
[Black "Sokolov, Ivan"]
[Result "0-1"]
[WhiteElo "2535"]
[BlackElo "2650"]
[EventDate "1994.02.05"]
[PlyCount "80"]

1.c4 e5 2.Nc3 Nc6 3.Nf3 Nf6 4.g3 Bc5 5.d3 h6 6.Bg2 O-O 7.O-O d6 8.a3 a5 9.
e3 Bb6 10.h3 Be6 11.b3 Qd7 12.Kh2 d5 13.cxd5 Nxd5 14.Na4 Ba7 15.Qc2 Qd6 
16.Bd2 Rad8 17.Rfc1 f5 18.Nc5 Bxc5 19.Qxc5 e4 20.Qxd6 Rxd6 21.Nd4 Nxd4 22.
exd4 exd3 23.Bxa5 f4 24.Rd1 fxg3+ 25.fxg3 Ra8 26.Be1 Bf5 27.g4 Bg6 28.Bg3 
Rd7 29.Rd2 c6 30.a4 Nb4 31.Re1 Nc2 32.Re6 Bh7 33.d5 cxd5 34.Rb6 Be4 35.Bf2
Rc8 36.Re6 Na1 37.Bxe4 dxe4 38.Rxe4 Nxb3 39.Rd1 d2 40.Be3 Rc1 0-1

[Event "16th Reykjavik op"]
[Site "Reykjavik ISL"]
[Date "1994.02.11"]
[Round "7"]
[White "Ehlvest, Jaan"]
[Black "Shchekachev, Andrei"]
[Result "0-1"]
[WhiteElo "2610"]
[BlackElo "2470"]
[EventDate "1994.02.05"]
[PlyCount "72"]

1.d4 Nf6 2.Nf3 g6 3.c4 Bg7 4.Nc3 O-O 5.e4 d6 6.Be2 e5 7.Be3 Ng4 8.Bg5 f6 
9.Bh4 Nc6 10.d5 Ne7 11.Nd2 Nh6 12.f3 g5 13.Bf2 f5 14.c5 Kh8 15.Nc4 Ng6 16.
cxd6 cxd6 17.O-O b6 18.Nb5 Rf6 19.Qa4 Nf4 20.Bd1 Bd7 21.Qb3 fxe4 22.fxe4 
Qf8 23.Nd2 Ng4 24.Bxg4 Bxg4 25.Be3 Qf7 26.Bxf4 gxf4 27.Rac1 Rg8 28.Rc7 Qg6
29.h3 Bh5 30.Rf2 Bh6 31.Rc3 f3 32.Nxf3 Qxe4 33.Nc7 Rfg6 34.Qc2 Bxf3 35.
Rcxf3 Rxg2+ 36.Rxg2 Qxc2 0-1

[Event "16th Reykjavik op"]
[Site "Reykjavik ISL"]
[Date "1994.02.11"]
[Round "7"]
[White "Khenkin, Igor"]
[Black "Danielsen, Henrik"]
[Result "1-0"]
[WhiteElo "2555"]
[BlackElo "2480"]
[EventDate "1994.02.05"]
[PlyCount "80"]

1.d4 Nf6 2.c4 e6 3.Nf3 Bb4+ 4.Bd2 a5 5.Nc3 b6 6.Bg5 h6 7.Bh4 Bb7 8.e3 a4 
9.a3 Bxc3+ 10.bxc3 d6 11.Bd3 Nbd7 12.Qc2 Ra5 13.e4 e5 14.Rb1 O-O 15.O-O 
Bc6 16.Nd2 Qe7 17.f3 g5 18.Bf2 Nh5 19.Rfe1 Ng7 20.Nf1 Bb7 21.Ne3 Qd8 22.
Qd2 Re8 23.Bc2 Bc6 24.Rb4 Nb8 25.Rd1 Kh7 26.dxe5 Rexe5 27.Ng4 Nd7 28.h4 
Nh5 29.Be3 Kg7 30.hxg5 hxg5 31.Kf2 f6 32.Rh1 Kg6 33.Rbb1 Nf8 34.c5 bxc5 
35.Rh3 Bd7 36.Nxe5+ fxe5 37.g4 Ng7 38.Rbh1 Qe7 39.Bb1 Rb5 40.Ba2 1-0

[Event "16th Reykjavik op"]
[Site "Reykjavik ISL"]
[Date "1994.02.11"]
[Round "7"]
[White "Bronstein, David"]
[Black "Pigusov, Evgeny"]
[Result "0-1"]
[WhiteElo "2400"]
[BlackElo "2570"]
[EventDate "1994.02.05"]
[PlyCount "120"]

1.d4 Nf6 2.c4 e6 3.Nc3 Bb4 4.e3 c5 5.Bd3 Nc6 6.Ne2 cxd4 7.exd4 d5 8.O-O 
dxc4 9.Bxc4 O-O 10.Bb3 b6 11.Qd3 Be7 12.a3 Ne5 13.Qg3 Ng6 14.Rd1 Bb7 15.h4
Nd5 16.h5 Bd6 17.Qg4 f5 18.Qh3 Nge7 19.Bg5 Qd7 20.Re1 Rf7 21.Rad1 b5 22.
Nb1 a5 23.Nd2 a4 24.Ba2 b4 25.Nf3 b3 26.Bb1 h6 27.Bd2 Ba6 28.Nc1 Rc8 29.
Nd3 Bxd3 30.Bxd3 Nf4 31.Bxf4 Bxf4 32.g3 Bb8 33.Qf1 Nd5 34.Bb5 Qd6 35.Bxa4 
Rc2 36.Ne5 Rb7 37.Rd3 Ba7 38.Bxb3 Rxb3 39.Rxb3 Bxd4 40.Ng6 Bxf2+ 41.Qxf2 
Rxf2 42.Kxf2 Nf6 43.Rd1 Qc5+ 44.Kg2 Nxh5 45.Rc3 Qb5 46.Rd2 Kf7 47.Nh4 Qe5 
48.Rd7+ Kf6 49.Kf2 g5 50.Ng2 Qb5 51.Rd2 Qb6+ 52.Kf1 f4 53.gxf4 gxf4 54.Rf2
e5 55.Rh3 Kg5 56.Ne1 Ng3+ 57.Kg2 e4 58.b4 Qe3 59.Nc2 f3+ 60.Kg1 Qc1+ 0-1

[Event "16th Reykjavik op"]
[Site "Reykjavik ISL"]
[Date "1994.02.11"]
[Round "7"]
[White "Gislason, Gudmundur"]
[Black "Kotronias, Vassilios"]
[Result "0-1"]
[WhiteElo "2325"]
[BlackElo "2545"]
[EventDate "1994.02.05"]
[PlyCount "60"]

1.d4 Nf6 2.c4 g6 3.Nc3 Bg7 4.e4 d6 5.Be2 O-O 6.Bg5 h6 7.Be3 c5 8.d5 e6 9.
Qd2 exd5 10.exd5 Kh7 11.Nf3 Bf5 12.O-O Re8 13.Rac1 a6 14.Rfe1 Ne4 15.Nxe4 
Bxe4 16.Bf4 b5 17.cxb5 Bxf3 18.Bxf3 Rxe1+ 19.Rxe1 axb5 20.b3 Na6 21.Bg3 
Nb4 22.a4 bxa4 23.bxa4 Rxa4 24.h4 Ra2 25.Qf4 Nd3 26.Qxf7 Nxe1 27.Be4 Qf6 
28.Qe8 h5 29.f4 Nxg2 30.Bxg2 Qd4+ 0-1

[Event "16th Reykjavik op"]
[Site "Reykjavik ISL"]
[Date "1994.02.11"]
[Round "7"]
[White "Sabalovs, Aleksandrs"]
[Black "Olafsson, Helgi"]
[Result "1-0"]
[WhiteElo "2590"]
[BlackElo "2535"]
[EventDate "1994.02.05"]
[PlyCount "75"]

1.e4 c5 2.Nf3 d6 3.d4 cxd4 4.Nxd4 Nf6 5.Nc3 a6 6.Bd3 Nbd7 7.O-O g6 8.Kh1 
Bg7 9.Bg5 O-O 10.f4 Qc7 11.Nf3 b5 12.a3 Bb7 13.Qe1 h6 14.Bh4 e5 15.f5 g5 
16.Bf2 Rfe8 17.Nd2 Rac8 18.Rc1 Qb8 19.Qd1 Qa8 20.Re1 d5 21.Qf3 d4 22.Ncb1 
g4 23.Qe2 h5 24.b4 Bh6 25.c3 Kh7 26.Rc2 dxc3 27.Nxc3 Rc7 28.Be3 Bxe3 29.
Qxe3 Qd8 30.a4 bxa4 31.Nxa4 Rxc2 32.Bxc2 Qc7 33.Bb3 Kg7 34.Qg5+ Kf8 35.Nc5
Nxc5 36.bxc5 Ke7 37.Bxf7 Rf8 38.Be6 1-0

[Event "16th Reykjavik op"]
[Site "Reykjavik ISL"]
[Date "1994.02.11"]
[Round "7"]
[White "Arnason, Jon"]
[Black "Wojtkiewicz, Aleksander"]
[Result "1/2-1/2"]
[WhiteElo "2520"]
[BlackElo "2555"]
[EventDate "1994.02.05"]
[PlyCount "33"]

1.e4 c5 2.Nf3 d6 3.d4 cxd4 4.Nxd4 Nf6 5.Nc3 a6 6.Be2 e6 7.O-O Be7 8.a4 Nc6
9.Be3 O-O 10.f4 Re8 11.Kh1 Qc7 12.Bf3 Na5 13.Qd3 e5 14.Nde2 Be6 15.b3 exf4
16.Nxf4 Nc6 17.Ncd5 1/2-1/2

[Event "16th Reykjavik op"]
[Site "Reykjavik ISL"]
[Date "1994.02.11"]
[Round "7"]
[White "Petursson, Margeir"]
[Black "Ibragimov, Ildar"]
[Result "1-0"]
[WhiteElo "2550"]
[BlackElo "2525"]
[EventDate "1994.02.05"]
[PlyCount "59"]

1.d4 d5 2.c4 dxc4 3.e4 Nf6 4.e5 Nd5 5.Bxc4 Nb6 6.Bb3 Nc6 7.Ne2 Bf5 8.Nbc3 
e6 9.O-O Be7 10.Be3 Qd7 11.a3 Rd8 12.Ba2 Na5 13.Ng3 Bg6 14.Qe2 O-O 15.f4 
Bh4 16.d5 Bxg3 17.Bxb6 axb6 18.hxg3 exd5 19.Nxd5 Bf5 20.Qe3 Kh8 21.Rad1 
Bg4 22.Rc1 Nc6 23.b4 Ne7 24.Nxe7 Qxe7 25.f5 g6 26.f6 Qd7 27.Qh6 Rg8 28.Kh2
c6 29.Bxf7 Bf3 30.Rg1 1-0

[Event "16th Reykjavik op"]
[Site "Reykjavik ISL"]
[Date "1994.02.11"]
[Round "7"]
[White "Gretarsson, Helgi Ass"]
[Black "Rashkovsky, Nukhim"]
[Result "1-0"]
[WhiteElo "2415"]
[BlackElo "2535"]
[EventDate "1994.02.05"]
[PlyCount "78"]

1.d4 c5 2.d5 e5 3.c4 d6 4.Nc3 g6 5.e4 Bg7 6.Be2 Nf6 7.Be3 Na6 8.g4 h5 9.g5
Nh7 10.h4 Nc7 11.a3 b6 12.Qd2 Bd7 13.Nf3 O-O 14.Rg1 Qe7 15.Kd1 Rab8 16.b4 
f5 17.gxf6 Rxf6 18.Ng5 Rf4 19.Bxf4 exf4 20.bxc5 bxc5 21.Rb1 Rf8 22.Rb7 Ne8
23.Ne6 Ba4+ 24.Nxa4 Qxb7 25.Nxf8 Nxf8 26.Kc2 Qd7 27.Nb2 Qf7 28.Nd3 Qf6 29.
Rb1 f3 30.Bd1 Qd4 31.Kb3 Nd7 32.Qc2 Qxe4 33.Ka2 Nb6 34.Nb2 Qg4 35.Qd3 Qxh4
36.Bxf3 Qxf2 37.Qxg6 Kf8 38.Bxh5 Nc7 39.Qd3 1-0

[Event "16th Reykjavik op"]
[Site "Reykjavik ISL"]
[Date "1994.02.11"]
[Round "7"]
[White "Steingrimsson, Hedinn"]
[Black "Van Wely, Loek"]
[Result "0-1"]
[WhiteElo "2420"]
[BlackElo "2570"]
[EventDate "1994.02.05"]
[PlyCount "80"]

1.e4 c5 2.Nf3 d6 3.d4 cxd4 4.Nxd4 Nf6 5.Nc3 a6 6.Bg5 e6 7.f4 b5 8.e5 dxe5 
9.fxe5 Qc7 10.Qe2 Nfd7 11.O-O-O Bb7 12.Qg4 Qxe5 13.Bd3 Be7 14.Bxe7 Kxe7 
15.Rhe1 h5 16.Nf5+ Kf8 17.Qh4 g5 18.Qxg5 Qf6 19.Qxf6 Nxf6 20.Nd6 Bxg2 21.
Rd2 Bc6 22.Rf2 Rh6 23.Be4 Ra7 24.Bxc6 Nxc6 25.Ref1 Rd7 26.Rxf6 Rxf6 27.
Rxf6 Rxd6 28.Rh6 Nd4 29.a3 f5 30.Rxh5 Kg7 31.Rg5+ Kf6 32.Rg8 e5 33.Re8 Ne6
34.Ne2 e4 35.Ng3 e3 36.Rh8 Rd2 37.Rh5 Rf2 38.Kd1 Nd4 39.c3 Rd2+ 40.Kc1 
Ne2+ 0-1

[Event "16th Reykjavik op"]
[Site "Reykjavik ISL"]
[Date "1994.02.11"]
[Round "7"]
[White "Link, Michael"]
[Black "Kveinys, Aloyzas"]
[Result "1-0"]
[WhiteElo "2290"]
[BlackElo "2520"]
[EventDate "1994.02.05"]
[PlyCount "114"]

1.e4 c5 2.Nf3 e6 3.d4 cxd4 4.Nxd4 Qb6 5.Nb3 Qc7 6.Nc3 a6 7.f4 b5 8.Bd3 Bb7
9.Be3 Nf6 10.O-O b4 11.Na4 Bxe4 12.Bxe4 Nxe4 13.f5 Bd6 14.Re1 Bxh2+ 15.Kh1
O-O 16.Bb6 Qf4 17.Rxe4 Qxe4 18.Kxh2 Nc6 19.Qxd7 Ne5 20.Qd2 Qxf5 21.Qxb4 
Rfc8 22.Nc3 Rc4 23.Qe7 Rg4 24.Qb7 Re8 25.Ne2 Rb4 26.Qxa6 Rh4+ 27.Kg1 Nf3+ 
28.Kf2 Nd4+ 29.Kg1 Nf3+ 30.Kf2 Ng5+ 31.Ke1 Qxc2 32.Qb5 Rb8 33.Qxg5 Re4 34.
Qd2 Qc6 35.Bf2 Rg4 36.g3 Qh1+ 37.Bg1 Re4 38.Kf2 h5 39.Qd3 Re5 40.Qf3 Qh3 
41.Nf4 Qf5 42.Nd3 Qxf3+ 43.Kxf3 Rf5+ 44.Kg2 g5 45.Bf2 Kh7 46.Nbc5 Rd5 47.
a4 e5 48.a5 e4 49.Nxe4 Rxd3 50.a6 Rdb3 51.a7 Ra8 52.Bd4 Kg6 53.Ra5 f6 54.
Ra6 Kf5 55.Nc5 Rb4 56.Rxf6+ Kg4 57.Nd3 1-0

[Event "16th Reykjavik op"]
[Site "Reykjavik ISL"]
[Date "1994.02.11"]
[Round "7"]
[White "Shneider, Alexander"]
[Black "Gunnarsson, Arinbjorn"]
[Result "1-0"]
[WhiteElo "2570"]
[BlackElo "2235"]
[EventDate "1994.02.05"]
[PlyCount "74"]

1.d4 Nf6 2.c4 g6 3.Nc3 d5 4.cxd5 Nxd5 5.e4 Nxc3 6.bxc3 Bg7 7.Nf3 c5 8.Rb1 
O-O 9.Be2 Bg4 10.O-O Bxf3 11.Bxf3 cxd4 12.cxd4 Qxd4 13.Rxb7 Nc6 14.Be3 Qc3
15.Qa4 Rfc8 16.Rc1 Qf6 17.Bg4 e6 18.h3 h5 19.Rxc6 hxg4 20.hxg4 Qa1+ 21.Kh2
Be5+ 22.g3 Rxc6 23.Qxc6 Rd8 24.Rd7 Rb8 25.Rb7 Rd8 26.Rd7 Rb8 27.Kg2 Qe1 
28.Qc1 Qb4 29.Qc6 Qe1 30.Rxf7 Kxf7 31.Qd7+ Kg8 32.Qxe6+ Kh7 33.Qxe5 Rb1 
34.Qe7+ Kg8 35.Qe8+ Kg7 36.Bd4+ Kh6 37.Qh8+ 1-0

[Event "16th Reykjavik op"]
[Site "Reykjavik ISL"]
[Date "1994.02.11"]
[Round "7"]
[White "Sigfusson, Sigurdur"]
[Black "Ivanov, Mikhail M."]
[Result "1/2-1/2"]
[WhiteElo "2250"]
[BlackElo "2525"]
[EventDate "1994.02.05"]
[PlyCount "142"]

1.d4 Nf6 2.e3 c5 3.c3 g6 4.Bd3 Bg7 5.f4 O-O 6.Nf3 d6 7.O-O Nc6 8.Bc2 e5 9.
d5 Ne7 10.fxe5 dxe5 11.e4 Ne8 12.c4 Nd6 13.b3 Bg4 14.h3 Bxf3 15.Rxf3 f5 
16.Nc3 Qd7 17.Bg5 h6 18.Bh4 b6 19.Qe2 Rf7 20.Raf1 f4 21.g4 fxg3 22.Rxf7 
Nxf7 23.Bxe7 Qxe7 24.Qg4 Qg5 25.Qxg5 Nxg5 26.Kg2 Nh7 27.Kxg3 Nf6 28.Bd1 h5
29.Bf3 Bh6 30.Kf2 Ne8 31.Ke2 a6 32.Kd3 Nd6 33.Be2 Kg7 34.Rg1 Kf6 35.Na4 
Rb8 36.a3 a5 37.Nc3 Bf4 38.Rb1 Ke7 39.Rg1 Kf6 40.Rb1 Ke7 41.Rg1 Kf7 42.Rb1
Bg5 43.Nb5 Nxb5 44.cxb5 a4 45.bxa4 Ra8 46.Bd1 Be7 47.d6 Bxd6 48.Bb3+ Kg7 
49.Rf1 c4+ 50.Kxc4 Bxa3 51.Kd5 Bb2 52.Kc6 Bd4 53.Rf7+ Kh6 54.Kb7 Rh8 55.
Rf6 Kg7 56.Rxb6 Bxb6 57.Kxb6 g5 58.Bd1 g4 59.Bxg4 hxg4 60.hxg4 Rc8 61.a5 
Rc4 62.a6 Rxe4 63.a7 Ra4 64.Kb7 e4 65.a8=Q Rxa8 66.Kxa8 e3 67.b6 e2 68.b7 
e1=Q 69.b8=Q Qa5+ 70.Qa7+ Qxa7+ 71.Kxa7 1/2-1/2